Countries closest to the Galapagos islands - Statistics

General Stats
  • This quiz has been taken 17 times
  • The average score is 9 of 10
Answer Stats
Distance away from the Galapagos Answer % Correct
575 miles Ecuador
100%
745 miles Colombia
94%
1,242 miles Costa Rica
94%
1,491 miles El Salvador
94%
1,616 mules Mexico
94%
1,367 miles Nicaragua
94%
1,118 miles panama
94%
930 miles Peru
94%
1,553 miles Guatemala
88%
1,429 miles Honduras
88%
No matching quizzes found
Score Distribution
Percent of People with Each Score
Percentile by Number Answered
Your Score History
You have not taken this quiz